Population Geography/ (Record no. 206509)

MARC details
000 -LEADER
fixed length control field 00630nam a2200205 4500
005 - DATE AND TIME OF LATEST TRANSACTION
control field 20241021121003.0
010 ## - LCCN (DPL NO)
LC control number ENG-142185
020 ## - INTERNATIONAL STANDARD BOOK NUMBER
Terms of availability 410.00
International Standard Book Number 9788195255276
035 ## - SYSTEM CONTROL NUMBER
System control number EN-125717
037 ## - SOURCE OF ACQUISITION
Source of stock number/acquisition DBAD
082 ## - DEWEY DECIMAL CLASSIFICATION NUMBER
Classification number 312.8
100 ## - MAIN ENTRY--PERSONAL NAME
Personal name Anamika Singh
245 ## - TITLE STATEMENT
Title Population Geography/
Statement of responsibility, etc Anamika Singh
250 ## - EDITION STATEMENT
Edition statement First
260 ## - PUBLICATION, DISTRIBUTION, ETC. (IMPRINT)
Place of publication, distribution, etc New Delhi
Name of publisher, distributor, etc Ayushman Publication House
Date of publication, distribution, etc 2021
270 ## - ADDRESS
Address 352/D2 AJit Bhawan Munrika,Near J.N.U. Main Gate
City New Delhi
Postal code 110067
Electronic mail address ayushmanpubhouse@gmail.com
300 ## - PHYSICAL DESCRIPTION
Extent 106p.
Dimensions 23cm(hb)
700 ## - ADDED ENTRY--PERSONAL NAME
Personal name Anamika Singh
9 (RLIN) 73019
942 ## - ADDED ENTRY ELEMENTS (KOHA)
Source of classification or shelving scheme Dewey Decimal Classification
Item type English Books
Classification part 312.8
Call number suffix ANA
Holdings
Withdrawn status Lost status Not for loan Collection code Home library Current library Date acquired Source of acquisition Cost, normal purchase price Full call number Barcode Copy number Cost, replacement price Koha item type
      Non-fiction Bawana Bawana 21/10/2024 DBAD 410.00 312.8 ANA EN-125717 1 410.00 English Books

© Delhi Public Library
Hit Counter
free hit counter